000 00531nam a22002057a 4500
005 20260515114851.0
008 201118b ||||| |||| 00| 0 eng d
020 _a8173390622
040 _aIN-DiNC
_cIN-DiNC
041 _dasm
082 _a519.5
_bHAZ
100 _aHazarika, Padmaluchan
_eauthor
245 _aSnatak parisankhya bijnan/
_cby Padmaluchan Hazarika
250 _a4th rev. ed.
260 _aGuwahati:
_bBanalata,
_c2008-09
300 _a616p.
650 _aCommerce
650 _aStatistics
942 _2ddc
_cBK
999 _c11059
_d11059